[Event "18. Obert Int. Sant Marti 2016"]
[Site "Barcelona ESP"]
[Date "2016.07.21"]
[Round "9.34"]
[White "Rueda Marquez, David J."]
[Black "Larsson, Anders"]
[Result "0-1"]
[WhiteElo "2066"]
[BlackElo "2226"]
[PlyCount "40"]
[EventDate "2016.07.13"]
[EventType "swiss"]
[EventRounds "9"]
[EventCountry "ESP"]
[SourceTitle "Ajedrez en Madrid"]
[Source "lmi"]
[SourceDate "2016.07.13"]
[SourceVersion "1"]
[SourceVersionDate "2019.06.21"]
[SourceQuality "1"]

1. g3 d5 2. Nf3 Nf6 3. Bg2 g6 4. O-O Bg7 5. c4 c6 6. d3 dxc4 7. dxc4 Qxd1 8.
Rxd1 O-O 9. Nc3 Na6 10. Bf4 Re8 11. Ne5 Nh5 12. Bf3 Nxf4 13. gxf4 Be6 14. Rd4
Red8 15. Rxd8+ Rxd8 16. b3 g5 17. Rd1 Rxd1+ 18. Nxd1 gxf4 19. Nd3 Bf5 20. Nxf4
Bb1 0-1

[Event "18. Obert Int. Sant Marti 2016"]
[Site "Barcelona ESP"]
[Date "2016.07.21"]
[Round "9.35"]
[White "Patil, Pratik"]
[Black "Villar Reymundo, Juan Antonio"]
[Result "1-0"]
[WhiteElo "2219"]
[BlackElo "2165"]
[PlyCount "51"]
[EventDate "2016.07.13"]
[EventType "swiss"]
[EventRounds "9"]
[EventCountry "ESP"]
[SourceTitle "Ajedrez en Madrid"]
[Source "lmi"]
[SourceDate "2016.07.13"]
[SourceVersion "1"]
[SourceVersionDate "2019.06.21"]
[SourceQuality "1"]

1. e4 c5 2. c3 d5 3. exd5 Qxd5 4. d4 Nf6 5. Nf3 e6 6. Be3 cxd4 7. cxd4 Be7 8.
Nc3 Qd8 9. Bd3 O-O 10. O-O b6 11. Qe2 Bb7 12. Rad1 Nc6 13. a3 Rc8 14. Rfe1 Qc7
15. Bb1 Rfd8 16. Ba2 Na5 17. Ne5 Nd5 18. Bd2 Nxc3 19. Bxc3 Bd5 20. Bxd5 exd5
21. Rd3 Nc4 22. Nxf7 Kxf7 23. Qe6+ Kf8 24. Rf3+ Bf6 25. Bb4+ Nd6 26. Rc3 1-0

[Event "18. Obert Int. Sant Marti 2016"]
[Site "Barcelona ESP"]
[Date "2016.07.21"]
[Round "9.36"]
[White "Kunal, Kakumanu"]
[Black "Ivana Maria, Furtado"]
[Result "1/2-1/2"]
[WhiteElo "1903"]
[BlackElo "2188"]
[PlyCount "46"]
[EventDate "2016.07.13"]
[EventType "swiss"]
[EventRounds "9"]
[EventCountry "ESP"]
[SourceTitle "Ajedrez en Madrid"]
[Source "lmi"]
[SourceDate "2016.07.13"]
[SourceVersion "1"]
[SourceVersionDate "2019.06.21"]
[SourceQuality "1"]

1. e4 d5 2. exd5 Nf6 3. d4 Nxd5 4. h3 Bf5 5. Nf3 Qd6 6. c3 Nc6 7. Na3 O-O-O 8.
Be2 e5 9. Nc4 Qe7 10. Ncxe5 Nxe5 11. Nxe5 f6 12. Nc4 h5 13. Ne3 Nxe3 14. Bxe3
Be4 15. Bf3 f5 16. Bxe4 Qxe4 17. Qf3 Qe6 18. O-O-O Qxa2 19. Qxf5+ Kb8 20. Qb5
a6 21. Qd3 Rd5 22. Rhe1 Rb5 23. Re2 Qa1+ 1/2-1/2

[Event "18. Obert Int. Sant Marti 2016"]
[Site "Barcelona ESP"]
[Date "2016.07.21"]
[Round "9.37"]
[White "Dardha, Arben"]
[Black "Likhit, Chilukuri"]
[Result "1-0"]
[WhiteElo "2330"]
[BlackElo "2030"]
[PlyCount "47"]
[EventDate "2016.07.13"]
[EventType "swiss"]
[EventRounds "9"]
[EventCountry "ESP"]
[SourceTitle "Ajedrez en Madrid"]
[Source "lmi"]
[SourceDate "2016.07.13"]
[SourceVersion "1"]
[SourceVersionDate "2019.06.21"]
[SourceQuality "1"]

1. d4 Nf6 2. Bf4 d5 3. c4 c5 4. e3 Nc6 5. Nc3 cxd4 6. exd4 Be6 7. c5 g6 8. Nf3
Nh5 9. Be3 Bg7 10. Qd2 Nf6 11. Bd3 Qc8 12. Bh6 Bxh6 13. Qxh6 Bf5 14. Be2 Be4
15. Nxe4 dxe4 16. Ne5 Qc7 17. Nxc6 bxc6 18. O-O Rb8 19. b3 Qd7 20. Rad1 Qf5 21.
f3 exf3 22. Bxf3 Qd7 23. Rfe1 Rg8 24. Qf4 1-0

[Event "18. Obert Int. Sant Marti 2016"]
[Site "Barcelona ESP"]
[Date "2016.07.21"]
[Round "9.38"]
[White "Rojas Fernandez, Andres"]
[Black "Martorell Aguado, Joan"]
[Result "0-1"]
[WhiteElo "2009"]
[BlackElo "2219"]
[PlyCount "66"]
[EventDate "2016.07.13"]
[EventType "swiss"]
[EventRounds "9"]
[EventCountry "ESP"]
[SourceTitle "Ajedrez en Madrid"]
[Source "lmi"]
[SourceDate "2016.07.13"]
[SourceVersion "1"]
[SourceVersionDate "2019.06.21"]
[SourceQuality "1"]

1. Nf3 Nf6 2. g3 g6 3. Bg2 Bg7 4. b3 O-O 5. Bb2 c5 6. c4 d6 7. d3 Nc6 8. O-O a6
9. a4 Rb8 10. Nc3 Bd7 11. Nd5 e5 12. Nh4 b5 13. axb5 axb5 14. Bc3 Nxd5 15. Bxd5
b4 16. Bb2 Ne7 17. Bg2 g5 18. Nf3 e4 19. Bxg7 exf3 20. Bxf8 fxg2 21. Kxg2 Qxf8
22. e4 Qh6 23. Re1 Nc6 24. g4 Ne5 25. h3 Ng6 26. Re3 Nf4+ 27. Kh2 Qf6 28. Ra2
Qe5 29. Kg1 h5 30. Rg3 hxg4 31. hxg4 Kg7 32. Qe1 Rh8 33. Rd2 Qf6 0-1

[Event "18. Obert Int. Sant Marti 2016"]
[Site "Barcelona ESP"]
[Date "2016.07.21"]
[Round "9.39"]
[White "Castrillo Mansego, Pablo"]
[Black "Brzezinski, Adam"]
[Result "0-1"]
[WhiteElo "2003"]
[BlackElo "2208"]
[PlyCount "126"]
[EventDate "2016.07.13"]
[EventType "swiss"]
[EventRounds "9"]
[EventCountry "ESP"]
[SourceTitle "Ajedrez en Madrid"]
[Source "lmi"]
[SourceDate "2016.07.13"]
[SourceVersion "1"]
[SourceVersionDate "2019.06.21"]
[SourceQuality "1"]

1. e4 e6 2. d4 d5 3. Nc3 Bb4 4. e5 c5 5. a3 Bxc3+ 6. bxc3 Qa5 7. Bd2 Qa4 8. Qb1
c4 9. g3 Nc6 10. Bg2 Bd7 11. Ne2 O-O-O 12. O-O Kb8 13. Nc1 f5 14. Na2 h6 15.
Nb4 Nge7 16. Qb2 g5 17. Rfb1 b6 18. f4 Rdg8 19. Kf2 Rh7 20. Bf3 Nd8 21. Na2
gxf4 22. Bxf4 Nf7 23. h4 h5 24. Nb4 Bc8 25. Nxd5 Nxd5 26. Bxd5 Nh6 27. Bf3 Ng4+
28. Kg2 Bb7 29. d5 Rd7 30. Rd1 Rgd8 31. Rd4 Bxd5 32. Bxd5 Rxd5 33. Rad1 Qc6 34.
Kg1 Rxd4 35. Rxd4 Rxd4 36. cxd4 Qf3 37. c3 Ne3 38. Bxe3 Qxg3+ 39. Qg2 Qxe3+ 40.
Kh2 Qf4+ 41. Qg3 Qg4 42. Qf2 Kc7 43. a4 Kc6 44. Qb2 Qxh4+ 45. Kg1 Qg3+ 46. Kf1
Qf3+ 47. Kg1 Qd5 48. Qb4 h4 49. Qf8 Kc7 50. Qe7+ Qd7 51. Qf8 Kb7 52. Qb4 Qg7+
53. Kf1 h3 54. Qb2 Qg2+ 55. Qxg2+ hxg2+ 56. Kxg2 Kc6 57. Kf3 Kd5 58. Ke3 a6 59.
Kf3 b5 60. a5 b4 61. cxb4 c3 62. Ke2 f4 63. b5 f3+ 0-1

[Event "18. Obert Int. Sant Marti 2016"]
[Site "Barcelona ESP"]
[Date "2016.07.21"]
[Round "9.40"]
[White "Carrasco Rodriguez, Jesus"]
[Black "Magallanes, Gustavo"]
[Result "0-1"]
[WhiteElo "2202"]
[BlackElo "1989"]
[PlyCount "118"]
[EventDate "2016.07.13"]
[EventType "swiss"]
[EventRounds "9"]
[EventCountry "ESP"]
[SourceTitle "Ajedrez en Madrid"]
[Source "lmi"]
[SourceDate "2016.07.13"]
[SourceVersion "1"]
[SourceVersionDate "2019.06.21"]
[SourceQuality "1"]

1. e4 c5 2. Nf3 e6 3. d4 cxd4 4. Nxd4 Nc6 5. Nc3 Qc7 6. g3 a6 7. Bg2 Nf6 8. O-O
h5 9. h3 Nxd4 10. Qxd4 Bc5 11. Qd1 Qxg3 12. Ne2 Qc7 13. Bf4 d6 14. Nc3 Bd7 15.
Re1 Qb6 16. Qd2 e5 17. Be3 Bxe3 18. Rxe3 Be6 19. Rd3 Rd8 20. b3 h4 21. Rd1 Ke7
22. Na4 Qc7 23. Rc3 Qb8 24. Nb6 Rh6 25. Qe3 Rg6 26. Kh2 Nh5 27. a4 Nf4 28. Bf1
Ke8 29. a5 d5 30. exd5 Nxd5 31. Nxd5 Bxd5 32. Rc5 e4+ 33. Kh1 Bc6 34. Re1 Qd6
35. Rh5 Qd2 36. Bg2 Qxe3 37. Rxe3 Rd1+ 38. Kh2 Re6 39. Rxh4 Rd2 40. Kg3 f5 41.
Rf4 Rg6+ 42. Kh2 Rf6 43. h4 Rxc2 44. Bh3 g6 45. Kg3 Kf7 46. h5 Kg7 47. hxg6
Kxg6 48. Kh4 Bd7 49. f3 Bc6 50. fxe4 Bxe4 51. Bf1 Rc5 52. Bc4 Kg7 53. Re1 Rg6
54. Rd1 Rxa5 55. Rf2 Rc5 56. Rd7+ Kh6 57. Bf7 Rg4+ 58. Kh3 Rc3+ 59. Kh2 Rc1 0-1

[Event "18. Obert Int. Sant Marti 2016"]
[Site "Barcelona ESP"]
[Date "2016.07.21"]
[Round "9.41"]
[White "Salagran Ferragut, Guillem"]
[Black "Perez Garcia, Adria"]
[Result "1/2-1/2"]
[WhiteElo "2196"]
[BlackElo "1984"]
[PlyCount "129"]
[EventDate "2016.07.13"]
[EventType "swiss"]
[EventRounds "9"]
[EventCountry "ESP"]
[SourceTitle "Ajedrez en Madrid"]
[Source "lmi"]
[SourceDate "2016.07.13"]
[SourceVersion "1"]
[SourceVersionDate "2019.06.21"]
[SourceQuality "1"]

1. e4 e5 2. Nf3 Nc6 3. d4 exd4 4. Nxd4 Nf6 5. Nxc6 bxc6 6. e5 Qe7 7. Qe2 Nd5 8.
c4 Nb6 9. Nc3 Qe6 10. Qe4 d5 11. exd6 Qxe4+ 12. Nxe4 cxd6 13. Bf4 d5 14. cxd5
Nxd5 15. Bd6 Bxd6 16. Nxd6+ Ke7 17. Nxc8+ Rhxc8 18. Bc4 a5 19. O-O Rcb8 20.
Rfe1+ Kf6 21. Re2 a4 22. Rd1 Re8 23. Red2 Rab8 24. g3 g6 25. Rc1 Rb6 26. Bf1
Reb8 27. Rd4 Ne7 28. Rxa4 Rxb2 29. Bg2 Rb1 30. Rac4 Rxc1+ 31. Rxc1 Rb6 32. a4
Ra6 33. Ra1 Ra5 34. Kf1 Nd5 35. Bxd5 cxd5 36. Ke2 Ke5 37. Kd3 Kd6 38. Kd4 f6
39. Ra2 g5 40. Ra1 Kc6 41. Ra2 Kd6 42. Kd3 Kc5 43. h3 h5 44. Ra1 Kc6 45. Ke3
Kd6 46. f4 Kc5 47. fxg5 fxg5 48. Kd3 h4 49. g4 Kb4 50. Kd4 Kb3 51. Rf1 Kc2 52.
Rf5 Rxa4+ 53. Kxd5 Kd3 54. Ke5 Re4+ 55. Kf6 Re3 56. Kxg5 Rxh3 57. Kh5 Ke4 58.
Rf1 Rh2 59. g5 h3 60. g6 Rg2 61. Kh6 h2 62. Rh1 Kf3 63. Rf1+ Ke2 64. Ra1 Kf3
65. Rh1 1/2-1/2

[Event "18. Obert Int. Sant Marti 2016"]
[Site "Barcelona ESP"]
[Date "2016.07.21"]
[Round "9.42"]
[White "Rendboe, John"]
[Black "Mendonca, Leon Luke"]
[Result "1/2-1/2"]
[WhiteElo "2183"]
[BlackElo "1964"]
[PlyCount "92"]
[EventDate "2016.07.13"]
[EventType "swiss"]
[EventRounds "9"]
[EventCountry "ESP"]
[SourceTitle "Ajedrez en Madrid"]
[Source "lmi"]
[SourceDate "2016.07.13"]
[SourceVersion "1"]
[SourceVersionDate "2019.06.21"]
[SourceQuality "1"]

1. c4 Nf6 2. Nc3 g6 3. g3 Bg7 4. Bg2 O-O 5. Nf3 c6 6. O-O d5 7. cxd5 cxd5 8. d4
Nc6 9. Bf4 Ne4 10. Rc1 Bf5 11. Ne5 Nxc3 12. Rxc3 Qb6 13. Bxd5 Qxb2 14. Nxc6
bxc6 15. Rxc6 Rad8 16. Qb3 Qxe2 17. Bf3 Qd3 18. d5 Qxb3 19. axb3 Rd7 20. Rd1 h5
21. Kg2 Bg4 22. h3 Bxf3+ 23. Kxf3 Rfd8 24. Ra6 Rxd5 25. Rxd5 Rxd5 26. Rxa7 e5
27. Be3 Rb5 28. Ra8+ Kh7 29. Ra7 Kg8 30. Ra8+ Kh7 31. Ra7 f5 32. Ra3 Rb7 33.
Kg2 Bf8 34. Ra7 Rxa7 35. Bxa7 Kg7 36. Kf3 Kf6 37. Ke3 Ke6 38. Kd3 Kd5 39. Be3
Bb4 40. Ba7 g5 41. Bb6 g4 42. hxg4 hxg4 43. Be3 Be1 44. Ke2 Bb4 45. Kd3 Be1 46.
Ke2 Bb4 1/2-1/2

[Event "18. Obert Int. Sant Marti 2016"]
[Site "Barcelona ESP"]
[Date "2016.07.21"]
[Round "9.43"]
[White "Noordhoek, Henk"]
[Black "Dahale, Atul"]
[Result "1/2-1/2"]
[WhiteElo "1976"]
[BlackElo "2079"]
[PlyCount "100"]
[EventDate "2016.07.13"]
[EventType "swiss"]
[EventRounds "9"]
[EventCountry "ESP"]
[SourceTitle "Ajedrez en Madrid"]
[Source "lmi"]
[SourceDate "2016.07.13"]
[SourceVersion "1"]
[SourceVersionDate "2019.06.21"]
[SourceQuality "1"]

1. g3 c5 2. Bg2 Nc6 3. Nf3 e5 4. d3 d5 5. O-O Nf6 6. Bg5 Be7 7. c4 d4 8. Nfd2
h6 9. Bxf6 Bxf6 10. a3 O-O 11. b4 cxb4 12. axb4 Nxb4 13. Nb3 Be7 14. f4 exf4
15. gxf4 Nc6 16. N1d2 Bg4 17. Nf3 Re8 18. Qe1 Bd6 19. Qg3 Bf5 20. Kh1 Be7 21.
Ne5 Bh4 22. Nxc6 bxc6 23. Qf3 Rc8 24. Rxa7 g6 25. Rfa1 Re3 26. Qf1 Qb6 27. Nd2
Qb2 28. R1a2 Qb4 29. Ne4 Rb8 30. Ra8 Rxa8 31. Rxa8+ Kg7 32. Bf3 Bxe4 33. Bxe4
Qd2 34. Bf3 Re7 35. f5 Qg5 36. Bxc6 Qxf5 37. Qxf5 gxf5 38. Bf3 Rc7 39. Kg2 Be7
40. Bd5 Bd6 41. Ra6 Bf4 42. Rb6 Re7 43. Bf3 Bc7 44. Rb7 Kf6 45. c5 Bd8 46. Rxe7
Bxe7 47. c6 Bd6 48. h4 Be5 49. Kf2 f4 50. Bh5 Ke6 1/2-1/2

[Event "18. Obert Int. Sant Marti 2016"]
[Site "Barcelona ESP"]
[Date "2016.07.21"]
[Round "9.44"]
[White "Jove Grau, Lluis"]
[Black "Rakshitta, Ravi"]
[Result "0-1"]
[WhiteElo "2077"]
[BlackElo "1716"]
[PlyCount "62"]
[EventDate "2016.07.13"]
[EventType "swiss"]
[EventRounds "9"]
[EventCountry "ESP"]
[SourceTitle "Ajedrez en Madrid"]
[Source "lmi"]
[SourceDate "2016.07.13"]
[SourceVersion "1"]
[SourceVersionDate "2019.06.21"]
[SourceQuality "1"]

1. b4 e5 2. Bb2 d6 3. e3 g6 4. c4 Bg7 5. Nf3 Nf6 6. d4 e4 7. Nfd2 O-O 8. Nc3
Re8 9. Qc2 Bf5 10. Be2 h5 11. h3 Qe7 12. Nd5 Nxd5 13. cxd5 c6 14. g4 hxg4 15.
hxg4 Bd7 16. dxc6 Nxc6 17. a3 Rac8 18. Qb3 Be6 19. Qa4 a6 20. b5 axb5 21. Qxb5
d5 22. Nb3 Na7 23. Qb6 Rc2 24. Nc5 Nc8 25. Qb3 Rxb2 26. Qxb2 Qxc5 27. Rb1 Qe7
28. a4 Nd6 29. Qb4 Qd7 30. Kd2 Nc4+ 31. Bxc4 dxc4 0-1

[Event "18. Obert Int. Sant Marti 2016"]
[Site "Barcelona ESP"]
[Date "2016.07.21"]
[Round "9.45"]
[White "Molinero Martin, Joan"]
[Black "Chung, Mathilde"]
[Result "1/2-1/2"]
[WhiteElo "1995"]
[BlackElo "2169"]
[PlyCount "23"]
[EventDate "2016.07.13"]
[EventType "swiss"]
[EventRounds "9"]
[EventCountry "ESP"]
[SourceTitle "Ajedrez en Madrid"]
[Source "lmi"]
[SourceDate "2016.07.13"]
[SourceVersion "1"]
[SourceVersionDate "2019.06.21"]
[SourceQuality "1"]

1. e4 e6 2. d4 d5 3. e5 c5 4. c3 Nc6 5. Nf3 Bd7 6. Bd3 Rc8 7. dxc5 Bxc5 8. O-O
Qc7 9. Re1 f5 10. Bxf5 exf5 11. e6 Nge7 12. Ng5 1/2-1/2

[Event "18. Obert Int. Sant Marti 2016"]
[Site "Barcelona ESP"]
[Date "2016.07.21"]
[Round "9.46"]
[White "Tahay, Alexis"]
[Black "Bernat, Ernest"]
[Result "1/2-1/2"]
[WhiteElo "2119"]
[BlackElo "1942"]
[PlyCount "126"]
[EventDate "2016.07.13"]
[EventType "swiss"]
[EventRounds "9"]
[EventCountry "ESP"]
[SourceTitle "Ajedrez en Madrid"]
[Source "lmi"]
[SourceDate "2016.07.13"]
[SourceVersion "1"]
[SourceVersionDate "2019.06.21"]
[SourceQuality "1"]

1. e4 c5 2. Nf3 d6 3. d4 cxd4 4. Nxd4 Nf6 5. Nc3 a6 6. Bg5 e6 7. f4 Be7 8. Qf3
Nbd7 9. O-O-O Qc7 10. g4 b5 11. Bxf6 Nxf6 12. g5 Nd7 13. f5 Nc5 14. Bh3 Bxg5+
15. Kb1 O-O 16. Rhg1 Bf6 17. Nce2 Bd7 18. Ng3 Kh8 19. Nh5 Qd8 20. Nb3 Nxb3 21.
Qxb3 Qe7 22. Nxf6 gxf6 23. Qd3 Bc6 24. Qxd6 Qxd6 25. Rxd6 Bxe4 26. fxe6 fxe6
27. Bxe6 Rfd8 28. Rgd1 Rxd6 29. Rxd6 Kg7 30. Kc1 Ra7 31. Kd2 Bg6 32. a3 a5 33.
c3 Bf7 34. Rd7 Rxd7+ 35. Bxd7 Bc4 36. b3 Bxb3 37. Bxb5 Kf7 38. Kd3 Ke6 39. Kd4
Kd6 40. c4 Ba2 41. c5+ Kc7 42. Bd3 h6 43. Be4 Bb3 44. h4 Ba2 45. Ke3 Be6 46.
Kf4 Bd7 47. Bf3 Be6 48. Bg4 Bxg4 49. Kxg4 Kc6 50. Kf5 Kxc5 51. Kxf6 Kb5 52. Kg6
Ka4 53. Kxh6 Kxa3 54. Kg6 Kb2 55. h5 a4 56. h6 a3 57. h7 a2 58. h8=Q+ Kb1 59.
Qh1+ Kb2 60. Qg2+ Kb1 61. Qe4+ Kb2 62. Qb4+ Ka1 63. Qd2 Kb1 1/2-1/2

[Event "18. Obert Int. Sant Marti 2016"]
[Site "Barcelona ESP"]
[Date "2016.07.21"]
[Round "9.47"]
[White "Gil Quilez, Sonia"]
[Black "Sapale, Saloni"]
[Result "0-1"]
[WhiteElo "2085"]
[BlackElo "1929"]
[PlyCount "44"]
[EventDate "2016.07.13"]
[EventType "swiss"]
[EventRounds "9"]
[EventCountry "ESP"]
[SourceTitle "Ajedrez en Madrid"]
[Source "lmi"]
[SourceDate "2016.07.13"]
[SourceVersion "1"]
[SourceVersionDate "2019.06.21"]
[SourceQuality "1"]

1. d4 d5 2. Nf3 Nf6 3. e3 Bf5 4. c4 c6 5. Nc3 e6 6. Nh4 Bg6 7. Qb3 Qb6 8. Nxg6
hxg6 9. Bd2 Qc7 10. g3 Nbd7 11. cxd5 exd5 12. Rc1 Nb6 13. Nb5 Qd8 14. Na3 Ne4
15. Bb4 Qf6 16. Rc2 Qf3 17. Rg1 Rxh2 18. Bxf8 Kxf8 19. Bd3 Nxf2 20. Be2 Nd3+
21. Kd1 Qxe3 22. Rf1 Rxe2 0-1

[Event "18. Obert Int. Sant Marti 2016"]
[Site "Barcelona ESP"]
[Date "2016.07.21"]
[Round "9.49"]
[White "Tahay, Romain"]
[Black "Guix Torres, David"]
[Result "1-0"]
[WhiteElo "1942"]
[BlackElo "2052"]
[PlyCount "49"]
[EventDate "2016.07.13"]
[EventType "swiss"]
[EventRounds "9"]
[EventCountry "ESP"]
[SourceTitle "Ajedrez en Madrid"]
[Source "lmi"]
[SourceDate "2016.07.13"]
[SourceVersion "1"]
[SourceVersionDate "2019.06.21"]
[SourceQuality "1"]

1. d4 Nf6 2. Nf3 c5 3. d5 b5 4. c4 g6 5. cxb5 a6 6. e3 Bg7 7. Nc3 O-O 8. a4 Bb7
9. Ra3 e6 10. dxe6 fxe6 11. Qd6 Qc8 12. Be2 Ne8 13. Qg3 d5 14. O-O Nd7 15. Ng5
Ne5 16. Qh3 Rf5 17. Qxh7+ Kf8 18. f4 Nf6 19. Qh4 d4 20. fxe5 Rxf1+ 21. Bxf1 Nh5
22. Qf2+ Kg8 23. Qf7+ Kh8 24. Qxg6 Kg8 25. Qf7+ 1-0

[Event "18. Obert Int. Sant Marti 2016"]
[Site "Barcelona ESP"]
[Date "2016.07.21"]
[Round "9.50"]
[White "Castillo Dalmau, Albert"]
[Black "Nadal Fajardo, Ricard"]
[Result "1/2-1/2"]
[WhiteElo "1998"]
[BlackElo "1900"]
[PlyCount "35"]
[EventDate "2016.07.13"]
[EventType "swiss"]
[EventRounds "9"]
[EventCountry "ESP"]
[SourceTitle "Ajedrez en Madrid"]
[Source "lmi"]
[SourceDate "2016.07.13"]
[SourceVersion "1"]
[SourceVersionDate "2019.06.21"]
[SourceQuality "1"]

1. c4 b6 2. Nc3 c5 3. g3 Bb7 4. e4 g6 5. Bg2 Bg7 6. Nge2 e5 7. O-O Ne7 8. d3
O-O 9. Be3 Nbc6 10. Qd2 Nd4 11. f4 d6 12. Rf2 a6 13. Raf1 Qc7 14. b3 b5 15.
fxe5 dxe5 16. Bg5 Rad8 17. Nd5 Bxd5 18. cxd5 1/2-1/2

[Event "18. Obert Int. Sant Marti 2016"]
[Site "Barcelona ESP"]
[Date "2016.07.21"]
[Round "9.51"]
[White "Marchador Villalba, Jordi"]
[Black "Valls Marti, Artur"]
[Result "0-1"]
[WhiteElo "2024"]
[BlackElo "2133"]
[PlyCount "60"]
[EventDate "2016.07.13"]
[EventType "swiss"]
[EventRounds "9"]
[EventCountry "ESP"]
[SourceTitle "Ajedrez en Madrid"]
[Source "lmi"]
[SourceDate "2016.07.13"]
[SourceVersion "1"]
[SourceVersionDate "2019.06.21"]
[SourceQuality "1"]

1. f4 e5 2. fxe5 Nc6 3. Nf3 g5 4. d4 g4 5. Ng5 d5 6. exd6 Qxd6 7. c3 Qg6 8. Qd3
f5 9. h4 h6 10. Qe3+ Be7 11. d5 hxg5 12. dxc6 Qxc6 13. h5 Be6 14. b3 O-O-O 15.
Ba3 Kb8 16. Bxe7 Nxe7 17. c4 f4 18. Qc3 Nf5 19. Nd2 Ne3 20. Rc1 Bf5 21. Kf2
Rhe8 22. h6 g3+ 23. Kg1 Rh8 24. Qg7 Nxg2 25. b4 Ne3 26. Nf3 Nxc4 27. Nd4 Qe4
28. Nxf5 f3 29. Nxg3 Qe3+ 30. Kh2 g4 0-1

[Event "18. Obert Int. Sant Marti 2016"]
[Site "Barcelona ESP"]
[Date "2016.07.21"]
[Round "9.52"]
[White "Suasnabar, Jesus"]
[Black "Garcia Marin, Guillem"]
[Result "1-0"]
[WhiteElo "1982"]
[BlackElo "2116"]
[PlyCount "85"]
[EventDate "2016.07.13"]
[EventType "swiss"]
[EventRounds "9"]
[EventCountry "ESP"]
[SourceTitle "Ajedrez en Madrid"]
[Source "lmi"]
[SourceDate "2016.07.13"]
[SourceVersion "1"]
[SourceVersionDate "2019.06.21"]
[SourceQuality "1"]

1. e4 d6 2. d4 Nf6 3. Nc3 c6 4. g3 e5 5. Nge2 Be7 6. Bg2 O-O 7. O-O b5 8. a3
Bb7 9. h3 h5 10. Be3 Nbd7 11. f4 Qc7 12. Qd2 Rfe8 13. Rad1 a6 14. Bf3 Bf8 15.
dxe5 dxe5 16. f5 a5 17. g4 hxg4 18. hxg4 Nb6 19. b3 b4 20. axb4 axb4 21. Nb1 c5
22. Ng3 Red8 23. Qh2 Rxd1 24. Rxd1 Rd8 25. Nd2 c4 26. Kg2 Bc5 27. Rh1 Kf8 28.
Bg5 Ke7 29. Re1 Bd4 30. Nh5 Bc3 31. Nxf6 Rxd2+ 32. Bxd2 gxf6 33. Bxc3 bxc3 34.
bxc4 Nxc4 35. Qg1 Nd2 36. Qe3 Qc4 37. g5 Nxf3 38. Kxf3 Qd4 39. gxf6+ Kxf6 40.
Qxd4 exd4 41. Kf4 Ba6 42. e5+ Ke7 43. Ke4 1-0

[Event "18. Obert Int. Sant Marti 2016"]
[Site "Barcelona ESP"]
[Date "2016.07.21"]
[Round "9.53"]
[White "Molano Lafuente, Ismael"]
[Black "Fernandez Aguilar, Francisco"]
[Result "0-1"]
[WhiteElo "1940"]
[BlackElo "2114"]
[PlyCount "74"]
[EventDate "2016.07.13"]
[EventType "swiss"]
[EventRounds "9"]
[EventCountry "ESP"]
[SourceTitle "Ajedrez en Madrid"]
[Source "lmi"]
[SourceDate "2016.07.13"]
[SourceVersion "1"]
[SourceVersionDate "2019.06.21"]
[SourceQuality "1"]

1. b4 Nf6 2. Bb2 d5 3. e3 Bf5 4. Nf3 e6 5. b5 a6 6. a4 axb5 7. axb5 Rxa1 8.
Bxa1 Nbd7 9. Be2 Bd6 10. O-O h6 11. d4 O-O 12. Ne5 Be7 13. Nd2 Nxe5 14. dxe5
Ne4 15. Nxe4 Bxe4 16. Bd3 Bxd3 17. Qxd3 c5 18. bxc6 bxc6 19. e4 dxe4 20. Qxe4
Qd5 21. Qxd5 cxd5 22. Rd1 Rc8 23. Rd2 Bb4 24. Re2 Bc3 25. Bxc3 Rxc3 26. Kf1 Kh7
27. Ke1 Kg6 28. Kd2 Rc4 29. g3 Kf5 30. f4 Rd4+ 31. Ke3 Re4+ 32. Kd3 Rxe2 33.
Kxe2 Kg4 34. Kf2 Kh3 35. Kg1 h5 36. c3 g6 37. Kh1 h4 0-1

[Event "18. Obert Int. Sant Marti 2016"]
[Site "Barcelona ESP"]
[Date "2016.07.21"]
[Round "9.54"]
[White "Ginesta Caballero, Olga Lucia"]
[Black "Pistol, Mats-Erik"]
[Result "1-0"]
[WhiteElo "2088"]
[BlackElo "1810"]
[PlyCount "69"]
[EventDate "2016.07.13"]
[EventType "swiss"]
[EventRounds "9"]
[EventCountry "ESP"]
[SourceTitle "Ajedrez en Madrid"]
[Source "lmi"]
[SourceDate "2016.07.13"]
[SourceVersion "1"]
[SourceVersionDate "2019.06.21"]
[SourceQuality "1"]

1. e4 e5 2. Nf3 Nc6 3. d4 exd4 4. Bc4 Nf6 5. e5 d5 6. Bb5 Ne4 7. Nxd4 Bd7 8.
Bxc6 bxc6 9. O-O Bc5 10. f3 Ng5 11. f4 Ne4 12. Be3 Bb6 13. c3 c5 14. Nb3 Bc6
15. Qg4 Qd7 16. f5 O-O-O 17. N1d2 Nxd2 18. Bxd2 Kb8 19. e6 Qe7 20. Rae1 f6 21.
Qh4 Rdf8 22. Be3 Bb5 23. Rf3 Bc6 24. Rh3 g6 25. Qf2 d4 26. cxd4 c4 27. Nc5 gxf5
28. Qxf5 Rhg8 29. d5 Rg5 30. Qxh7 Rg7 31. Na6+ Kb7 32. dxc6+ Kxa6 33. Qe4 Qb4
34. Bxb6 Kxb6 35. Rb3 1-0

[Event "18. Obert Int. Sant Marti 2016"]
[Site "Barcelona ESP"]
[Date "2016.07.21"]
[Round "9.55"]
[White "Ferre Campos, Josep"]
[Black "Nepveu, Manuel"]
[Result "0-1"]
[WhiteElo "1970"]
[BlackElo "1910"]
[PlyCount "80"]
[EventDate "2016.07.13"]
[EventType "swiss"]
[EventRounds "9"]
[EventCountry "ESP"]
[SourceTitle "Ajedrez en Madrid"]
[Source "lmi"]
[SourceDate "2016.07.13"]
[SourceVersion "1"]
[SourceVersionDate "2019.06.21"]
[SourceQuality "1"]

1. e4 e6 2. d4 d5 3. exd5 exd5 4. c4 Nf6 5. Nc3 c6 6. Nf3 Be7 7. Bf4 O-O 8. Bd3
dxc4 9. Bxc4 Nbd7 10. O-O Nb6 11. Bd3 Bg4 12. Be5 h6 13. Qe2 Bh5 14. h3 Nfd5
15. Rad1 Nxc3 16. bxc3 Nd5 17. Rc1 Bf6 18. g4 Bg6 19. Bxg6 fxg6 20. c4 Bxe5 21.
cxd5 Bf4 22. Rc5 Bd6 23. Rc3 cxd5 24. Ne5 Bxe5 25. dxe5 Rf4 26. Qd3 Kh7 27. Re1
Qb6 28. Re2 Raf8 29. Rb3 Qc6 30. Rc2 Rc4 31. Rd2 d4 32. Rd1 b5 33. Re1 Rc1 34.
Rb1 Rxb1 35. Rxb1 Rf3 36. Qxb5 Qe4 37. Qb7 Qf4 38. Rb2 Rxh3 39. Qg2 Qc1+ 40.
Qf1 Rh1+ 0-1